000 00260nam a2200097Ia 4500
001 1228469
005 20250827093043.0
008 250824s9999 xx 000 0 und d
245 0 _aDELİ BİLGİN
_cJACQUES TARDI
260 _bEVEREST YAYINLARI
999 _c1228469
_d1228469